000 00879nam a2200265 a 4500
001 7447
003 BD-RjUL
005 20211208234420.0
008 140115s19881981nyu b 001 0 eng d
020 _a0070124477
035 _a(BD-RjUL)7490
040 _aDLC
_cDLC
_dDLC
_dBD-RjUL
_beng
041 _aeng
082 0 0 _223
_a518
_bCOE 1988
100 1 _aConte, Samuel Daniel,
_d1917-
_923271
245 1 0 _aElementary numerical analysis :
_ban algorithmic approach /
_cby S. D. Conte, Carl de Boor.
250 _a3d ed.
260 _aNew York :
_bMcGraw-Hill,
_cc1981 [reprinted 1988].
300 _axii, 432 p. :
_bgraphs ;
_c24 cm.
490 0 _aInternational series in pure and applied mathematics.
504 _aIncludes bibliography and index.
650 0 _aNumerical analysis
_xData processing.
_922429
700 1 _aDe Boor, Carl,
_ejoint author.
_923272
942 _2ddc
_cBK
999 _c7447
_d7447